| 000 | 01572cam a2200421Li 4500 | ||
|---|---|---|---|
| 001 | 86595 | ||
| 005 | 20230410115533.0 | ||
| 008 | 020110s2001 fr 000 0 fre d | ||
| 035 | _a(OCoLC)ocn469430902 | ||
| 040 |
_aBDF _bfre _cBDF |
||
| 015 |
_a00202211 _2bnf |
||
| 016 | 7 |
_aFRBNF37711708000000X _2FrPBN |
|
| 020 | _a272460864X (br) | ||
| 020 | _a9782724608649 (br) | ||
| 035 | _a(OCoLC)469430902 | ||
| 082 | 1 |
_a306.3 _222 |
|
| 050 | 1 | 4 |
_aHD78 _bR597 2001 |
| 100 | 1 |
_aRist, Gilbert, _d1938- |
|
| 245 | 1 | 3 |
_aLe développement : _bhistoire d'une croyance occidentale / _cGilbert Rist. |
| 250 | _a2e éd. mise á jour et augm. | ||
| 260 |
_aParis : _bPresses de la Fondation nationale des sciences politiques, _c2001 _e(53-Mayenne : _fImpr. Floch) |
||
| 300 |
_a442 p. ; _c19 cm. |
||
| 490 | 0 | _aRéférences inédites | |
| 500 | _aBibliogr. p. 423-436. Index. | ||
| 650 | 7 |
_aDéveloppement économique _xAspect social. _2ram |
|
| 650 | 7 |
_aDéveloppement économique _xAnthropologie. _2ram |
|
| 650 | 7 |
_aPrográes. _2ram |
|
| 650 | 7 |
_aCivilisation occidentale. _2ram |
|
| 760 | 0 |
_tRéférences inédites (Paris)., _d2001 _x1275-0050 _w(FrPBN)34290873 |
|
| 760 | 0 |
_tRéférences (Paris. 1981), _d2001 _x0293-5686 _w(FrPBN)34229400 |
|
| 856 | 4 | 2 |
_3Notice et cote du catalogue de la Bibliotháeque nationale de France _uhttp://catalogue.bnf.fr/ark:/12148/cb37711708p |
| 886 | 1 |
_2intermrc _a009 _bax-d--------------- |
|
| 886 | 2 |
_2intermrc _a680 _b0- _a30 |
|
| 886 | 2 |
_2intermrc _a917 _b-- _oOPL _a027048959 |
|
| 942 |
_2lcc _cbk |
||
| 994 |
_aC0 _bDRFGD |
||
| 946 | _acc | ||
| 999 |
_c43170 _d43170 |
||